| 000 | 00519nam a2200193Ia 4500 | ||
|---|---|---|---|
| 003 | OSt | ||
| 005 | 20230527114242.0 | ||
| 008 | 210423s2011 xx 000 0 und d | ||
| 040 | _cAL | ||
| 041 | _aeng | ||
| 082 | _a658.15 SRIR | ||
| 100 |
_aSRIVASTAVA (R M). _991585 |
||
| 245 | _aFinancial management: management and policy. | ||
| 260 |
_aNew Delhi _bHimalaya Publishing House _c2011 |
||
| 300 |
_a688 _bPB |
||
| 365 |
_b495 _cINR |
||
| 906 | _aFinancial ; management ; management: ; policy. | ||
| 942 |
_2ddc _cBK |
||
| 999 |
_c160467 _d160467 |
||